Best Episodes of Brooklyn 99 - Statistics

General Stats
  • This quiz has been taken 172 times
    139 since last reset
  • The average score is 5 of 8
Answer Stats
Season Episode Rating Description Episode % Correct
5 14 9.5 As Jake begins an intense interrogation of a wily dentist suspected of murder, an opera-bound Holt jumps in to assist. The Box
75%
6 16 9.0 In order to distract Terry from the stress of his upcoming lieutenant's exam, Jake, Holt and the squad decide to hold the annual Halloween Heist on a new date, Cinco de Mayo. Cinco de Mayo
71%
5 4 9.4 The Nine-Nine has their fifth annual Halloween heist, and everyone has until midnight to claim the title of "Amazing Human/Genius". HalloVeen
71%
2 23 9.0 Jake and Amy go undercover to catch an infamous identity thief. The squad is rocked by an unexpected farewell. Johnny and Dora
67%
5 22 9.1 When Jake and Amy suffer a wedding day crisis, the Nine-Nine attempts to salvage the nuptials. Holt receives news on his bid for the commissioner job. Jake & Amy
66%
7 13 9.1 The entire squad is on high alert when a massive blackout hits Brooklyn. Lights Out
55%
8 9 9.2 The squad takes stock of their eight years together and look towards their future. The Last Day Pt 1
47%
8 10 9.4 The squad takes stock of their eight years together and look towards their future. The Last Day Pt 2
47%
No matching quizzes found
Score Distribution
Percent of People with Each Score
Percentile by Number Answered
Your Score History
You have not taken this quiz since the last reset